000 01858cam a22004214i 4500
003 PE-LiUPU
005 20250731183420.0
008 150625s r 000 0 d
020 _a9972451496
035 _a(Sirsi) i9789972451492
040 _aPE-LiUPU
_bspa
_cPE-LiUPU
_erda
049 _aPRUA
082 0 4 _a778.5
_bB35
_221
100 1 _aBedoya, Ricardo,
_d1954- ,
_eautor.
245 1 0 _aOjos bien abiertos :
_bel lenguaje de las imágenes en movimiento /
_cRicardo Bedoya y Isaac León Frias.
264 1 _aLima :
_bUniversidad de Lima, Fondo de Desarrollo Editorial,
_c2003.
300 _a270 páginas :
_bilustraciones ;
_c24 centímetros
336 _atext
_2rdacontent
337 _aunmediated
_2rdamedia
338 _avolume
_2rdacarrier
490 0 _aTextos universitarios
504 _aBibliografía: p. 265-270.
505 0 _aEl encuadre. -Los planos. -Los ángulos de toma. -Los movimientos de la cámara. -La iluminación y el color. -Los decorados, el vestuario, el maquillaje. -La actuación. -El sonido. -La composición del encuadre. -El montaje.
526 _aP158
526 _aP146
526 _aP17
526 _aP12
526 _aP06
541 _g002-0000218250;
650 0 4 _aCinematografía
_xProducción y dirección.
700 1 _aLeón Frías, Isaac,
_d1944- ,
_eautor.
710 2 _a.Universidad de Lima
_91362
942 _2ddc
_cBOOK
949 _a778.5 B35
_wDEWEY
_c1
_i56373
_d2016-5-26
_e2016-5-17
_lCCODEBUL1
_mBUL
_n1
_p15.00
_r0
_sY
_tBOOK
_u2015-6-25
_xEDUCACION
_PP07
_0COMPRA
_o.STAFF. Colección General
994 _aC0
_bPEPRU
596 _a1
999 _a778.5 B35
_wDEWEY
_c45623
_i56373
_d45623
_e2017-8-23
_f2022-6-6
_g4
_lCCODEBUL1
_mBUL
_n2
_p15.00
_q3
_r0
_sY
_tBOOK
_u2015-6-25
_xEDUCACION
_PP07
_0COMPRA
_o.STAFF. Colección General
980 _81
_gALBERTO SANCHEZ Responsable de Automatización